<?xml version="1.0" encoding="UTF-8"?>
<record
    xmlns:xsi="http://www.w3.org/2001/XMLSchema-instance"
    xsi:schemaLocation="http://www.loc.gov/MARC21/slim http://www.loc.gov/standards/marcxml/schema/MARC21slim.xsd"
    xmlns="http://www.loc.gov/MARC21/slim">

  <leader>00395nam a22001697a 4500</leader>
  <datafield tag="999" ind1=" " ind2=" ">
    <subfield code="c">10738</subfield>
    <subfield code="d">10738</subfield>
  </datafield>
  <controlfield tag="003">OSt</controlfield>
  <controlfield tag="008">210723b           ||||| |||| 00| 0 eng d</controlfield>
  <datafield tag="020" ind1=" " ind2=" ">
    <subfield code="a">9788131764015</subfield>
  </datafield>
  <datafield tag="082" ind1=" " ind2=" ">
    <subfield code="a">005.8 BRC</subfield>
  </datafield>
  <datafield tag="100" ind1=" " ind2=" ">
    <subfield code="a">BRITZ,Marjie</subfield>
  </datafield>
  <datafield tag="245" ind1=" " ind2=" ">
    <subfield code="a">Computer Forensics and Cyber Crime</subfield>
  </datafield>
  <datafield tag="250" ind1=" " ind2=" ">
    <subfield code="a">2nd Ed.</subfield>
  </datafield>
  <datafield tag="260" ind1=" " ind2=" ">
    <subfield code="a">New Delhi</subfield>
    <subfield code="b">Pearson</subfield>
    <subfield code="c">2012</subfield>
  </datafield>
  <datafield tag="300" ind1=" " ind2=" ">
    <subfield code="a">380</subfield>
  </datafield>
  <datafield tag="650" ind1=" " ind2=" ">
    <subfield code="a">CSE CS</subfield>
  </datafield>
  <datafield tag="942" ind1=" " ind2=" ">
    <subfield code="2">ddc</subfield>
    <subfield code="c">BK</subfield>
    <subfield code="0">4</subfield>
  </datafield>
  <datafield tag="952" ind1=" " ind2=" ">
    <subfield code="0">0</subfield>
    <subfield code="1">0</subfield>
    <subfield code="2">ddc</subfield>
    <subfield code="4">0</subfield>
    <subfield code="7">0</subfield>
    <subfield code="8">CSECS</subfield>
    <subfield code="a">PIET</subfield>
    <subfield code="b">PIET</subfield>
    <subfield code="d">2021-07-08</subfield>
    <subfield code="e">Techniz Book International</subfield>
    <subfield code="f">IN Rupees</subfield>
    <subfield code="g">579.00</subfield>
    <subfield code="k">INT/212210093</subfield>
    <subfield code="l">0</subfield>
    <subfield code="o">005.8 BRC</subfield>
    <subfield code="p">33120</subfield>
    <subfield code="r">2021-07-23 00:00:00</subfield>
    <subfield code="v">492.15</subfield>
    <subfield code="w">2021-07-08</subfield>
    <subfield code="y">BK</subfield>
  </datafield>
  <datafield tag="952" ind1=" " ind2=" ">
    <subfield code="0">0</subfield>
    <subfield code="1">0</subfield>
    <subfield code="2">ddc</subfield>
    <subfield code="4">0</subfield>
    <subfield code="7">0</subfield>
    <subfield code="8">CSECS</subfield>
    <subfield code="a">PIET</subfield>
    <subfield code="b">PIET</subfield>
    <subfield code="d">2021-07-08</subfield>
    <subfield code="e">Techniz Book International</subfield>
    <subfield code="f">IN Rupees</subfield>
    <subfield code="g">579.00</subfield>
    <subfield code="k">INT/212210093</subfield>
    <subfield code="l">2</subfield>
    <subfield code="o">005.8 BRC</subfield>
    <subfield code="p">33121</subfield>
    <subfield code="r">2026-03-05 00:00:00</subfield>
    <subfield code="s">2026-02-16</subfield>
    <subfield code="v">492.15</subfield>
    <subfield code="w">2021-07-08</subfield>
    <subfield code="y">BK</subfield>
  </datafield>
  <datafield tag="952" ind1=" " ind2=" ">
    <subfield code="0">0</subfield>
    <subfield code="1">0</subfield>
    <subfield code="2">ddc</subfield>
    <subfield code="4">0</subfield>
    <subfield code="7">0</subfield>
    <subfield code="8">CSECS</subfield>
    <subfield code="a">PIET</subfield>
    <subfield code="b">PIET</subfield>
    <subfield code="d">2021-07-08</subfield>
    <subfield code="e">Techniz Book International</subfield>
    <subfield code="f">IN Rupees</subfield>
    <subfield code="g">579.00</subfield>
    <subfield code="k">INT/212210093</subfield>
    <subfield code="l">4</subfield>
    <subfield code="o">005.8 BRC</subfield>
    <subfield code="p">33122</subfield>
    <subfield code="r">2024-04-11 00:00:00</subfield>
    <subfield code="s">2024-03-29</subfield>
    <subfield code="v">492.15</subfield>
    <subfield code="w">2021-07-08</subfield>
    <subfield code="y">BK</subfield>
  </datafield>
  <datafield tag="952" ind1=" " ind2=" ">
    <subfield code="0">0</subfield>
    <subfield code="1">0</subfield>
    <subfield code="2">ddc</subfield>
    <subfield code="4">0</subfield>
    <subfield code="7">0</subfield>
    <subfield code="8">CSECS</subfield>
    <subfield code="a">PIET</subfield>
    <subfield code="b">PIET</subfield>
    <subfield code="d">2021-07-08</subfield>
    <subfield code="e">Techniz Book International</subfield>
    <subfield code="f">IN Rupees</subfield>
    <subfield code="g">579.00</subfield>
    <subfield code="k">INT/212210093</subfield>
    <subfield code="l">1</subfield>
    <subfield code="o">005.8 BRC</subfield>
    <subfield code="p">33123</subfield>
    <subfield code="r">2023-03-15 00:00:00</subfield>
    <subfield code="s">2022-11-09</subfield>
    <subfield code="v">492.15</subfield>
    <subfield code="w">2021-07-08</subfield>
    <subfield code="y">REF</subfield>
  </datafield>
</record>
